| 000 | 00660cam a2200205 a 4500 | ||
|---|---|---|---|
| 020 | _a069727960X | ||
| 020 | _a9780697279606 | ||
| 040 | _cDLC | ||
| 082 | _a372 BRO 1997 A020 Or. | ||
| 245 | 0 | 0 | _aChildren's literature in the elementary school / |
| 250 | _a6th ed. | ||
| 260 |
_aMadison, WI : _bBrown & Benchmark, _cc1997. |
||
| 300 |
_axvi, 783 p. : _bill. (some col.) ; _c29 cm. |
||
| 500 | _aRev. ed. of: Children's literature in the elementary school / Charlotte S. Huck, Susan Hepler, Janet Hickman. 5th ed. c1993. | ||
| 650 | 0 | _aLiterature | |
| 650 | 0 | _aChildren's literature | |
| 650 | 0 | _aChildren | |
| 700 | 1 | _aHuck, Charlotte S. | |
| 942 | _cEK | ||
| 999 |
_c12526 _d12526 |
||